Statistics for Famous Fathers of Advanced Age Picture Quiz

Click here to take the quiz!

General Stats

  • This quiz has been taken 71 times
  • The average score is 8 of 12

Answer Stats

Answer% Correct
Mick Jagger
91%
Robert De Niro
91%
Al Pacino
86%
George Lucas
86%
Billy Joel
83%
Richard Gere
82%
Steve Martin
74%
Charlie Chaplin
62%
Julio Iglesias Sr.
52%
John Tyler
40%
Bernie Ecclestone
38%
James Doohan
20%

Score Distribution

Percentile by Number Answered

Percent of People with Each Score

Your Score History

You have not taken this quiz